| 000 | 00334nam a22001337a 4500 | ||
|---|---|---|---|
| 008 | 250415b |||||||| |||| 00| 0 eng d | ||
| 020 | _a9788131756898 | ||
| 050 |
_aHD69 _b.K45 |
||
| 100 | _aKELLER, L. Kevin | ||
| 245 | _aStrategic Brand Management | ||
| 260 |
_aIndia _bPearson Education _c2011 |
||
| 300 | _axxiii, 695p. | ||
| 942 | _cBK | ||
| 999 |
_c3009 _d3009 |
||